Derecho de familia.
Guardat en:
| Autor principal: | |
|---|---|
| Altres autors: | |
| Format: | Desconegut |
| Publicat: |
Santiago, Chile:
Tofulex Ediciones Jurídicas,
2023.
|
| Edició: | Sexta edición. |
| Col·lecció: | Derecho.
|
| Matèries: | |
| Etiquetes: |
Afegir etiqueta
Sense etiquetes, Sigues el primer a etiquetar aquest registre!
|
MARC
| LEADER | 00000 a2200000 4500 | ||
|---|---|---|---|
| 003 | CL-VaPUC | ||
| 005 | 20231103110717.0 | ||
| 008 | 231031t2023 ||||| |||| 00| 0 eng d | ||
| 999 | |c 442186 |d 442184 | ||
| 020 | |a 978-956-8217-25-9 | ||
| 040 | |c Pontificia Universidad Católica de Valparaíso | ||
| 082 | 7 | |a 346.83015 CEL 2023 |2 22 | |
| 100 | |a Celis Rodríguez, Rubén |9 296204 |e autor | ||
| 245 | |a Derecho de familia. | ||
| 250 | |a Sexta edición. | ||
| 260 | |a Santiago, Chile: |b Tofulex Ediciones Jurídicas, |c 2023. | ||
| 300 | |a 535 páginas. | ||
| 490 | |a Derecho. | ||
| 583 | |k GC. |c 20231031 | ||
| 650 | |a Matrimonio igualitario |v Ley |z Chile |9 885432 | ||
| 650 | |a Matrimonio |z Chile |9 885433 | ||
| 650 | |a Unión civil |z Chile |9 885434 | ||
| 700 | |a Chávez Chávez, Eric Andrés |9 597152 |e autor | ||
| 942 | |2 ddc |c BK | ||
| 952 | |0 0 |1 0 |2 ddc |4 0 |6 346_830150000000000_CEL_2023 |7 0 |8 A |9 592123 |a BIBGIM |b BIBGIM |c GEN |d 2023-10-25 |e 22 |g 44500.00 |i 5659150 |o 346.83015 CEL 2023 |p 5659150 |r 2025-01-15 |t 1 |v 44500.00 |w 2023-10-25 |y BK |k SSL | ||
| 952 | |0 0 |1 0 |2 ddc |4 0 |6 346_830150000000000_CEL_2023 |7 0 |8 A |9 592124 |a BIBGIM |b BIBGIM |c GEN |d 2023-10-25 |e 22 |g 44500.00 |i 5659151 |l 1 |o 346.83015 CEL 2023 |p 5659151 |r 2025-01-15 |s 2024-07-31 |t 2 |v 44500.00 |w 2023-10-25 |y BK |k SSL | ||